Mejora de los resultados de la recaudación / [redactado por: José Ma. Busquets Bonet] José Ma. Busquets Bonet]
ISBN:
84-505-6660-6
Descripción Física:
134 p. ; 19 cm
Colección:
Manual del Alcalde ; 20
MARC
| LEADER | 00000nam a2200000Ia 4500 | ||
|---|---|---|---|
| 001 | 18769 | ||
| 008 | 160829s1987 xx 000 0 cat d | ||
| 020 | |a 84-505-6660-6 | ||
| 080 | |a M-5-386 | ||
| 100 | |a Busquets Bonet, José María |9 45568 | ||
| 245 | |a Mejora de los resultados de la recaudación / [redactado por: |b José Ma. Busquets Bonet] | ||
| 260 | |a Madrid : |b Banco de Crédito Local de España, |c 1987 | ||
| 300 | |a 134 p. ; |c 19 cm | ||
| 490 | |a Manual del Alcalde ; 20 | ||
| 650 | |a Dret fiscal |9 27490 | ||
| 650 | |a Impostos locals |9 45398 | ||
| 710 | 2 | |a Banco de Crédito Local de España |9 53585 | |
| 901 | |a Arxiu | ||
| 942 | |n 1 | ||
| 952 | |0 0 |1 0 |4 0 |6 M5386 |7 1 |9 52677 |a Arxiu |b Arxiu |d 2016-12-01 |l 0 |o M-5-386 |p 18769 |r 2016-12-01 00:00:00 |w 2016-12-01 |y ARXIU | ||
| 999 | |c 56526 |d 56526 | ||